Regioni d’Italia - Morte improvvisa - Statistics

Statistiche generali
  • Questo quiz è stato fatto 436 volte
    428 dall'ultimo reset
  • Il punteggio medio è 18 su 20
Answers on the Grid
Answers color-coded by a green-red scale on the quiz's grid according to % correct below.
Sicilia
Sardegna
Toscana
Lombardia
Piemonte
Valle d’Aosta
Puglia
Veneto
Lazio
Emilia-Romagna
Calabria
Liguria
Trentino-Alto Adige
Abruzzo
Umbria
Campania
Friuli-Venezia Giulia
Marche
Basilicata
Molise
Napoli
Salerno
Monte Athos
San Marino
Istria
Monte Titano
Ticino
Grigioni
Genoa
Alexandria
Modena
Lucca
Fiume
Capodistria
Dalmazia
Ragusa
Savoia
Verbano-Cusio-Ossola
Padania
 
Statistiche sulle risposte
Risposta % Corretto
Sicilia
93%
Abruzzo
91%
Liguria
91%
Lombardia
91%
Sardegna
91%
Toscana
91%
Umbria
91%
Campania
90%
Emilia-Romagna
90%
Friuli-Venezia Giulia
90%
Lazio
90%
Piemonte
90%
Puglia
90%
Calabria
89%
Marche
89%
Molise
89%
Trentino-Alto Adige
89%
Valle d’Aosta
89%
Veneto
89%
Basilicata
87%
Nessun quiz corrispondente trovato
Distribuzione punteggi
Percentuale di utenti per punteggio
Percentile per numero di risposta
I tuoi punteggi nel tempo
Non hai fatto questo quiz dall'ultimo reset